000 01314nam a22003737a 4500
003 CHAP
005 20220329141023.0
008 971013s1996 r 00010 d
010 _a61410
011 _a62382
035 _a66556
040 _cCHAP
090 _aTesis
100 0 0 _aNaal Tamay, Alejandro.
_979983
245 _aApertura comercial y balanza agroalimentaria 1982-1995
260 _aChapingo, Méx. :
_bEl autor,
_c1996
300 _a65 h.
_b; gráfs. ; anexos
502 _aTesis (Lic. en Comercio Internacional de Productos Agropecuarios) -- UACH. Departamento de Economía Agrícola
590 _aALEPH
_b10
_c20130110
_lUCH01
_h1342
590 _aBATCH-UPD
_b10
_c20130110
_lUCH01
_h1615
590 _aBATCH-UPD
_b10
_c20130410
_lUCH01
_h1010
590 _aBATCH-UPD
_b10
_c20130914
_lUCH01
_h0527
590 _aCONVERSION
_b10
_c20130109
_lUCH01
_h1333
650 1 4 _aBalanza comercial.
_99607
650 1 4 _aBalanza de pagos
_zMéxico.
_99613
650 1 4 _aComercio
_zMéxico.
_925624
650 1 4 _aCuestión monetaria.
_930120
650 1 4 _aProductos agrícolas
_xExportación.
_991945
650 1 4 _aProductos agrícolas
_xMercadeo.
_991951
901 _aBK
942 _cFOLL
949 _bBC
_cTES
_d-151773
_eTS1
_h29875
_i66556
_si
949 _bBC
_cTES
_d33724000624391
_eTS2
_fc.2
_h29876
_i66556
_si
999 _c61410
_d61410